000 01043nam a2200241 a 4500
005 19890424000000.0
008 811124s1979 ii b s000 0 eng
010 _aENG-92950
020 _c60.00
035 _aEN-76483
037 _bDBAD / PUB
040 _adpl
_bEnglish
082 _a530.2462
100 _aTheyvaraju, D.
110 _aMaharashtra State Law Commission.
245 _aPolytechnic engineering physics:
_cby D. Theyvaraju
_b(for basic engineering course) /
260 _aMadurai
_bRadha Publications
_c2008
270 _a4/167, Mullai Street, Kurinji Nagar, Reserve Line Post,
_bMadurai
_e625014
300 _a108p.
_c20cm (pbk)
942 _2ddc
_cEN
_mTHE
_h530.2462
999 _c23544
_d23544